Las artes y sus modos : estudios sobre los modos y géneros en las artes /
Compilación de las participaciones en el Coloquio Internacional Las artes y sus modos, las cuales buscan definir las artes desde la filosofía y la historia. Se han considerado a la escultura, la música, arquitectura, la pintura y la literatura como objetos de estudio.
Guardado en:
| Autor corporativo: | |
|---|---|
| Otros autores: | |
| Formato: | Procedimiento de la conferencia Libro |
| Idioma: | Español |
| Publicado: |
Pamplona, España :
Universidad de Navarra,
2003, c2003
|
| Colección: | (Anejos de Rilce ;
44) |
| Temas: | |
| Etiquetas: |
Sin etiquetas, Sé el primero en etiquetar este registro!
|
MARC
| LEADER | 00000nam^a2200000^a^4500 | ||
|---|---|---|---|
| 001 | 000150234 | ||
| 005 | 20250521000000.0 | ||
| 009 | 20260310100129.189 | ||
| 020 | |a 89-313-2068-0 | ||
| 037 | |a Acervo ITESO - Biblioteca | ||
| 041 | |a ESP | ||
| 082 | |a 701. 18 |b COL 2002 | ||
| 111 | |a Coloquio Internacional Las Artes y sus Modos ( |d 2002 : |c Pamplona, España) | ||
| 245 | 1 | 4 | |a Las artes y sus modos : |b estudios sobre los modos y géneros en las artes / |c Coloquio Internacional Las Artes y sus Modos ; ed. de K. Spang. |
| 264 | 4 | |a Pamplona, España : |b Universidad de Navarra, |c 2003, c2003 | |
| 300 | |a 142 p. | ||
| 336 | |a texto |b txt |2 rdacontenido | ||
| 337 | |a sin mediación |b n |2 rdamedio | ||
| 338 | |a volumen |b nc |2 rdasoporte | ||
| 440 | 1 | |a (Anejos de Rilce ; |v 44) | |
| 520 | |a Compilación de las participaciones en el Coloquio Internacional Las artes y sus modos, las cuales buscan definir las artes desde la filosofía y la historia. Se han considerado a la escultura, la música, arquitectura, la pintura y la literatura como objetos de estudio. | ||
| 649 | |a XX | ||
| 650 | |a Música - |x Historia y Crítica | ||
| 650 | |a Escultura - |x Historia y Crítica | ||
| 650 | |a Pintura - |x Historia y Crítica | ||
| 650 | |a Arquitectura - |x Historia y Crítica | ||
| 650 | |a Literatura - |x Historia y Crítica | ||
| 650 | |a Arte - |x Historia y Crítica | ||
| 650 | |a Consumo y Oferta Cultural | ||
| 650 | |a Recepción y Apreciación del Arte | ||
| 650 | |a Estética | ||
| 650 | |a Semiótica y Arte | ||
| 650 | |a Arte y Sociedad | ||
| 650 | |a Sociología de la Cultura | ||
| 700 | |a Spang, Kurt |e (edición) | ||
| 910 | |a Fondo General | ||
| 920 | |a Impresos - Libros | ||
| 930 | |a Colección General | ||
| 905 | |a 101 | ||
| 901 | |a 0500079737 |b IT1 |c ACC |u 20250521 | ||
| 902 | |a https://opac.biblio.iteso.mx/vufind/Record/000150234 | ||